书目信息 |
| 题名: |
一粒种子的幸福生活
|
|
| 作者: | 彭春生 , 石万钦 主编 | |
| 分册: | 小盆栽种的时蔬果实 | |
| 出版信息: | 青岛 青岛出版社 2015 |
|
| 页数: | 159页 | |
| 开本: | 24cm | |
| 丛书名: | ||
| 单 册: | ||
| 中图分类: | S63 , S66 | |
| 科图分类: | ||
| 主题词: | 蔬菜园艺 , 果树园艺 | |
| 电子资源: | ||
| ISBN: | 978-7-5552-2268-2 | |
| 000 | 00883nam0 2200265 450 | |
| 001 | 012015000040 | |
| 005 | 20151130095237.51 | |
| 010 | @a978-7-5552-2268-2@dCNY29.80 | |
| 100 | @a20151101d2015 em y0chiy50 ea | |
| 101 | 0 | @achi |
| 102 | @aCN@b370000 | |
| 105 | @aa z 000yy | |
| 106 | @ar | |
| 200 | 1 | @a一粒种子的幸福生活@Ayi li zhong zi de xing fu sheng huo@i小盆栽种的时蔬果实@f彭春生,石万钦主编 |
| 210 | @a青岛@c青岛出版社@d2015 | |
| 215 | @a159页@c彩图@d24cm | |
| 330 | @a本书从蔬菜的分类特性出发,介绍了适合家庭栽培的时蔬,具体内容包括:家庭种菜必修课、小盆栽种的茎叶类蔬菜、在家收获的根茎类蔬菜、小阳台种的瓜豆类蔬菜等。 | |
| 606 | 0 | @a蔬菜园艺 |
| 606 | 0 | @a果树园艺 |
| 690 | @aS63@v5 | |
| 690 | @aS66@v5 | |
| 701 | 0 | @a彭春生@Apeng chun sheng@4主编 |
| 701 | 0 | @a石万钦@Ashi wan qin@4主编 |
| 801 | 0 | @aCN@b碧洲教育@c20151127 |
| 905 | @a10447@f4@dS63@e376 | |
| 一粒种子的幸福生活.小盆栽种的时蔬果实/彭春生,石万钦主编.-青岛:青岛出版社,2015 |
| 159页:彩图;24cm |
| ISBN 978-7-5552-2268-2:CNY29.80 |
| 本书从蔬菜的分类特性出发,介绍了适合家庭栽培的时蔬,具体内容包括:家庭种菜必修课、小盆栽种的茎叶类蔬菜、在家收获的根茎类蔬菜、小阳台种的瓜豆类蔬菜等。 |
| ● |
| 相关链接 |
|
|
|
|
正题名:一粒种子的幸福生活
索取号:S63/376
 
预约/预借
| 序号 | 登录号 | 条形码 | 馆藏地/架位号 | 状态 | 备注 |
| 1 | 0871579 | 208715791 | 第二样本阅览室/ [索取号:S63/376] | 在馆 | |
| 2 | 0871580 | 208715808 | 第三借阅区/ [索取号:S63/376] | 在馆 | |
| 3 | 0871581 | 208715817 | 第三借阅区/ [索取号:S63/376] | 在馆 | |
| 4 | 0871582 | 208715826 | 第三借阅区/ [索取号:S63/376] | 在馆 |